|
|
|
|
| LEADER |
00000cam a22000004a 4500 |
| 001 |
musev2_919 |
| 003 |
MdBmJHUP |
| 005 |
20230905040139.0 |
| 006 |
m o d |
| 007 |
cr||||||||nn|n |
| 008 |
100520s2011 pau o 00 0 eng d |
| 010 |
|
|
|z 2010021150
|
| 020 |
|
|
|a 9780812204919
|
| 020 |
|
|
|z 9780812242690
|
| 035 |
|
|
|a (OCoLC)794700589
|
| 040 |
|
|
|a MdBmJHUP
|c MdBmJHUP
|
| 043 |
|
|
|a e------
|
| 050 |
0 |
4 |
|a BX2470
|b .C63 2011
|
| 082 |
0 |
|
|a 271
|2 22
|
| 100 |
1 |
|
|a Coon, Lynda L.
|
| 245 |
1 |
0 |
|a Dark Age Bodies :
|b Gender and Monastic Practice in the Early Medieval West /
|c Lynda L. Coon.
|
| 264 |
|
1 |
|a Philadelphia :
|b University of Pennsylvania Press,
|c 2011.
|
| 264 |
|
3 |
|a Baltimore, Md. :
|b Project MUSE,
|c 2012
|
| 264 |
|
4 |
|c ©2011.
|
| 300 |
|
|
|a 1 online resource (416 pages):
|b ill. (some col.) ;
|
| 336 |
|
|
|a text
|b txt
|2 rdacontent
|
| 337 |
|
|
|a computer
|b c
|2 rdamedia
|
| 338 |
|
|
|a online resource
|b cr
|2 rdacarrier
|
| 490 |
0 |
|
|a The Middle Ages series
|
| 504 |
|
|
|a Includes bibliographical references (p. [341]-373) and index.
|
| 505 |
0 |
|
|a "Hrabanus is my name" -- A Carolingian aesthetic of bricolage -- Gendering the Benedictine rule -- Carolingian practices of the rule -- Inscribing the rule onto Carolingian sacred space -- Gendering the plan of Saint Gall -- Foursquare power.
|
| 588 |
|
|
|a Description based on print version record.
|
| 650 |
|
0 |
|a Human body
|x Religious aspects
|x Catholic Church
|x History of doctrines
|y Middle Ages, 600-1500.
|
| 650 |
|
0 |
|a Men (Christian theology)
|x History of doctrines
|y Middle Ages, 600-1500.
|
| 650 |
|
0 |
|a Monastic and religious life
|x History
|y Middle Ages, 600-1500.
|
| 600 |
0 |
0 |
|a Benedict,
|c Saint, Abbot of Monte Cassino.
|t Regula.
|
| 600 |
0 |
0 |
|a Rabanus Maurus,
|c Archbishop of Mainz,
|d 784?-856.
|
| 655 |
|
7 |
|a Electronic books.
|2 local
|
| 710 |
2 |
|
|a Project Muse.
|e distributor
|
| 830 |
|
0 |
|a Middle Ages series.
|
| 830 |
|
0 |
|a Book collections on Project MUSE.
|
| 856 |
4 |
0 |
|z Texto completo
|u https://projectmuse.uam.elogim.com/book/919/
|
| 945 |
|
|
|a Project MUSE - Custom Collection
|
| 945 |
|
|
|a Project MUSE - 2011 Complete
|
| 945 |
|
|
|a Project MUSE - 2011 History
|